<?xml version="1.0" encoding="UTF-8"?>
<collection xmlns="http://www.loc.gov/MARC21/slim">
 <record>
  <leader>00721nam a22001815a 4500</leader>
  <controlfield tag="001">EHU.bham010353</controlfield>
  <controlfield tag="003">AR-BHAM</controlfield>
  <controlfield tag="005">20100215175900.0</controlfield>
  <controlfield tag="008">130507s1958##################000#0#####d</controlfield>
  <datafield tag="082" ind1="8" ind2="7">
   <subfield code="a">875</subfield>
  </datafield>
  <datafield tag="100" ind1="1" ind2=" ">
   <subfield code="a">Ciceron, Marco Tulio</subfield>
  </datafield>
  <datafield tag="245" ind1="1" ind2="0">
   <subfield code="a">The speeches [harvard, 1958] /</subfield>
   <subfield code="c">Marco Tulio Ciceron</subfield>
  </datafield>
  <datafield tag="260" ind1=" " ind2=" ">
   <subfield code="a">London-cambridge, Mass. :</subfield>
   <subfield code="b">W. Heinmann-harvard Univ. Press,</subfield>
   <subfield code="c">1958</subfield>
  </datafield>
  <datafield tag="300" ind1=" " ind2=" ">
   <subfield code="a">546 p.</subfield>
  </datafield>
  <datafield tag="500" ind1=" " ind2=" ">
   <subfield code="a">Trad. N.h. Watts, B.a.</subfield>
  </datafield>
  <datafield tag="505" ind1="0" ind2=" ">
   <subfield code="a">Pro T. Annio Milone.- In L. Calpurnium Pisonem.- Pro M. Aemilio Scauro.- Pro M. Fonteio.- Pro C. Rabirio Postumo.- Pro M. Marcello.- Pro Q. Ligario.- Pro Rege Deiotaro.-</subfield>
  </datafield>
  <datafield tag="653" ind1=" " ind2=" ">
   <subfield code="a">Oratoria latina</subfield>
  </datafield>
  <datafield tag="859" ind1=" " ind2=" ">
   <subfield code="a">AR-BHAM</subfield>
   <subfield code="b">BIB. HUMANIDADES - General</subfield>
   <subfield code="h">875</subfield>
   <subfield code="i">C485-8</subfield>
   <subfield code="p">204.60</subfield>
   <subfield code="t">Ej.1</subfield>
  </datafield>
 </record>
</collection>
